Najib : Rakyat didahulukan, pencapaian diutamakan :

Bibliographic Details
Main Author: Aizuddin Muhammad Muaz
Format: Book
Language:Malay
Published: Kuala Lumpur : Creative Learning Mind , 2009
Subjects:

MARC

LEADER 00000cam a2200000 7i4500
001 0000027086
005 20161207.0
008 161125 my a may
020 |a 9789834455477 
040 |a INS 
090 0 0 |a DS597.215.M8366   |b A379 2009 
100 0 |a Aizuddin Muhammad Muaz 
245 1 0 |a Najib :   |b Rakyat didahulukan, pencapaian diutamakan :   |b Perdana Menteri Ke-6   |c Aizuddin Muhammad Muaz 
260 |a Kuala Lumpur :   |b Creative Learning Mind ,   |c 2009 
300 |a 295 ms :   |b gambar berwarna ;   |c 26 cm. 
600 0 0 |a Mohd Najib Tun Haji Abdul Razak ,   |c Dato Seri ,   |d 1953- 
650 0 |a Prime ministers   |z Malaysia   |x Biography 
651 0 |a Malaysia   |x Politics and government 
999 |a 0000024270   |b BOOK   |c Open Shelf   |e Default branch